Biblioteca y Centro de Documentación

La remuneración de los consejos de administración y los consejeros (Registro nro. 47104)

Detalles MARC
000 -CABECERA
Longitud fija campo de control 00957naa a2200253 c 4500
001 - NÚMERO DE CONTROL
Número de control 47104
003 - IDENTIFICADOR DE NÚMERO DE CONTROL
Identificador del número de control ES-MaCES
005 - FECHA Y HORA DE LA ÚLTIMA TRANSACCIÓN
Fecha y hora de la última transacción 20160218104045.0
008 - CAMPO FIJO DE DESCRIPCIÓN FIJA--INFORMACIÓN GENERAL
Códigos de información de longitud fija   160218s2015 sp ||||| t||||||| ||spa d
040 ## - FUENTE DE CATALOGACIÓN
Centro catalogador de origen ES-MaCES
Lengua de catalogación spa
Centro transcriptor ES-MaCES
Centro modificado ES-MaCES
100 1# - ENCABEZAMIENTO PRINCIPAL--NOMBRE PERSONAL
9 (RLIN) 36477
Nombre de persona Álvarez-Vijande García, Juan
245 13 - MENCIÓN DE TÍTULO
Título La remuneración de los consejos de administración y los consejeros
Mención de responsabilidad, etc. Juan Álvarez-Vijande García
650 #4 - ASIENTO SECUNDARIO DE MATERIA--TÉRMINO DE MATERIA
9 (RLIN) 28387
Término de materia o nombre geográfico como elemento inicial salario
650 #4 - ASIENTO SECUNDARIO DE MATERIA--TÉRMINO DE MATERIA
9 (RLIN) 28388
Término de materia o nombre geográfico como elemento inicial determinación del salario
650 #4 - ASIENTO SECUNDARIO DE MATERIA--TÉRMINO DE MATERIA
9 (RLIN) 28390
Término de materia o nombre geográfico como elemento inicial sistema de remuneración
650 #4 - ASIENTO SECUNDARIO DE MATERIA--TÉRMINO DE MATERIA
9 (RLIN) 28192
Término de materia o nombre geográfico como elemento inicial alta dirección
650 #4 - ASIENTO SECUNDARIO DE MATERIA--TÉRMINO DE MATERIA
9 (RLIN) 29357
Término de materia o nombre geográfico como elemento inicial junta de dirección
650 #4 - ASIENTO SECUNDARIO DE MATERIA--TÉRMINO DE MATERIA
9 (RLIN) 26763
Término de materia o nombre geográfico como elemento inicial administrador
650 #4 - ASIENTO SECUNDARIO DE MATERIA--TÉRMINO DE MATERIA
9 (RLIN) 29918
Término de materia o nombre geográfico como elemento inicial mecanismo de control
653 10 - TÉRMINO DE INDEXACIÓN--NO CONTROLADO
Término no controlado Relaciones laborales-Empleo
773 0# - ENTRADA DE DOCUMENTO FUENTE
Itemnumber del ítem fuente 84034
Edición 1ª ed
Lugar, editor y fecha de publicación [Córdoba] Almuzara 2015
Otro identificador del documento 086936
Título Hablemos de retribución
Número de control del registro relacionado (ES-MaCES)47065
Número Internacional Normalizado para Libros (ISBN) 9788416392599
Parte(s) relacionada(s) p.293-299 . - SG-7.0.-326
902 ## - CES. TIPO DE DOCUMENTO
Tipodoc (006$c Sirtex) ARL Artículo de libro
942 ## - ELEMENTOS KOHA
Fuente de clasificaión o esquema Clasificación propia del CES
Koha [por defecto] tipo de item Artículos (1982-2017)
Parte de clasificación Relaciones Laborales y Rel. Lab.- Empleo

No hay ítems disponibles.

© CES, Consejo Económico y Social de España 2021